000 00736nam a2200241 a 4500
001 BRCA_5564
005 20190320205131.0
008 180211s1948----u--ba#####---#000-0#eng-#
041 _aeng
044 _au
050 4 _aNA753
_b.K83 1948
100 1 _aKubler, George
_914195
245 1 0 _aMexican Arquitecture of the Sixteenth Century
_cGeorge Kubler.
260 _aNew Haven, Conn.
_bYale University
_c1948
300 _a2 v.
_bil., mapas
_c28 cm.
440 0 _aYale historical publication. History of art
_v5
_914196
500 _aF39
650 1 4 _aArquitectura
_xHistoria
_ySiglo XVI
_zMéxico
_914197
650 1 4 _aArquitectura colonial
_97560
650 1 4 _aArquitectura religiosa
_zMéxico
_924
902 _aGFM
942 _2lcc
_cB
999 _c5258
_d5258